000 00649nam a22002177a 4500
003 UA-OsUOA
001 122891
007 ta
008 20170524b un ||||| |||| 00| 0 ukr d
100 _aБілоус В.
090 _a82
_bБ67
942 _cSA
040 _aUA-OsUOA
_bukr
_cUA-OsUOA
_dUA-OsUOA
245 _aЖиттєписний "Казахстан" Тараса Шевченка у дослідженнях етнологів-тюркознавців
300 _aС.160-172
955 _a0
041 _aukr
080 _a82
773 0 _w122890
650 7 _a82 Література. Літературознавство
_2UDC
999 _c409548
_d409548